000 00790cab a2200277 4500
001 ABS54676
008 090401t1996 xxu||||| |||| 00| 0 eng d
035 _a(Sirsi) u11699
041 _aeng
245 _aEstates Times survey: Essex
260 _c1996
350 _a0
490 _aEstates Times
_v(1315) 8 March 1996, 15-23(9)
650 _aBASILDON
650 _aCHELMSFORD
650 _aCOLCHESTER
650 _aESSEX
650 _aHARLOW
650 _aINDUSTRIAL MARKET
650 _aPROPERTY-COMMERCIAL PROPERTY-OFFICE PROPERTY-OFFICE PROPERTY MARKET
650 _aPROPERTY-COMMERCIAL PROPERTY-RETAIL PROPERTY-RETAIL PROPERTY MARKET
650 _aSOUTHEND
690 _aPROPERTY-COMMERCIAL PROPERTY-COMMERCIAL PROPERTY MARKET
942 _n0
948 _c04/03/1997
999 _c7469
_d7469